01026 2200325 4500001002100000005001500021035002000036007000300056008004100059020002200100082001600122084001800138100003000156245012000186250003400306300003100340650002500371710003100396264003400427336002100461337003000482338002300512040002200535090002200557700003100579850001200610504003400622999002200656990002200678INLIS00000000086807420220218101338 a0010-0222000541ta220218s2021 yoi g ind d a978-623-261-253-204223a370.114 a370.114 AKI p0 aAkif KhilmiyahePengarang10aPendidikan pancasila dan kewarganegaraan menuju Indonesia berkemajuan /cAkif Khilmiyah; penyunting, Miftachul Huda aCetakan kedua, September 2021 axvii, 282 halaman ;c23 cm 4aPendidikan Pancasila aMiftachul HudaePenyunting31aBantul :bSamudra Biru,c2021 2rdacontentateks 2rdamediaatanpa perantara 2rdacarrieravolume aYOPDYOGbinderda aCB-D.11 2021-17350 aMiftachul HudaePenyunting aYOPDYOG aBibliografi : halaman 273-277 aCB-D.11/2021-1735 aCB-D.11/2021-1735